000 00434nam a2200181Ia 4500
008 221030s9999 xx 000 0 und d
020 _a812032157
041 _aEnglish
082 _a105.23
_bWri
100 _aR. T. Wright
245 0 _aEnvironmental Science
_cby R. T. Wright, B. J. Nibel
250 _a8th
260 _bPHI
_aNew Delhi
_c2002
300 _a681
650 _aBB Chemistry
700 _aB. J. Nibel
942 _cBK
999 _c1105
_d1105